| 000 -LEADER |
| fixed length control field |
00722cam a2200229 a 4500 |
| 003 - CONTROL NUMBER IDENTIFIER |
| control field |
OSt |
| 005 - DATE AND TIME OF LATEST TRANSACTION |
| control field |
20200317125152.0 |
| 008 - FIXED-LENGTH DATA ELEMENTS--GENERAL INFORMATION |
| fixed length control field |
950822r19951971enka 001 0 eng |
| 020 ## - INTERNATIONAL STANDARD BOOK NUMBER |
| International Standard Book Number |
9780750620185 |
| 040 ## - CATALOGING SOURCE |
| Original cataloging agency |
DLC |
| Transcribing agency |
DLC |
| Modifying agency |
DLC |
| 082 00 - DEWEY DECIMAL CLASSIFICATION NUMBER |
| Classification number |
307.121 |
| Edition number |
20 |
| Item number |
GOR |
| 100 1# - MAIN ENTRY--PERSONAL NAME |
| Personal name |
Cullen, Gordon, |
| Dates associated with a name |
1914-1994. |
| 245 14 - TITLE STATEMENT |
| Title |
The concise townscape / |
| Statement of responsibility, etc |
Gordon Cullen. |
| 246 30 - VARYING FORM OF TITLE |
| Title proper/short title |
Townscape |
| 260 ## - PUBLICATION, DISTRIBUTION, ETC. (IMPRINT) |
| Place of publication, distribution, etc |
Oxford ; |
| -- |
Boston : |
| Name of publisher, distributor, etc |
Butterworth-Heinemann, |
| Date of publication, distribution, etc |
1995 printing. |
| 300 ## - PHYSICAL DESCRIPTION |
| Extent |
199 p. : |
| Other physical details |
ill. ; |
| Dimensions |
21 cm. |
| 500 ## - GENERAL NOTE |
| General note |
Originally published: 1st pbk. ed. with new material. London : Architectural Press, c1971. |
| 500 ## - GENERAL NOTE |
| General note |
Includes index. |
| 650 #0 - SUBJECT ADDED ENTRY--TOPICAL TERM |
| Topical term or geographic name as entry element |
City planning. |
| 650 #0 - SUBJECT ADDED ENTRY--TOPICAL TERM |
| Topical term or geographic name as entry element |
City planning |
| Geographic subdivision |
Great Britain. |
| 942 ## - ADDED ENTRY ELEMENTS (KOHA) |
| Source of classification or shelving scheme |
|